[Event "SR 3. liga A2 2013/2014"]
[Site "?"]
[Date "2014.03.23"]
[Round "11.3"]
[White "Kahancova, Jana"]
[Black "Nemsak, Denis"]
[Result "0-1"]
[WhiteElo "1652"]
[BlackElo "1913"]
[PlyCount "100"]
[EventDate "2013.??.??"]

1. e4 d5 2. exd5 Nf6 3. Nc3 Nxd5 4. Nxd5 Qxd5 5. d4 Nc6 6. c3 Bf5 7. Nf3 O-O-O
8. Be3 f6 9. Be2 g5 10. b4 h5 11. Qb3 Qd7 12. O-O-O e6 13. Bb5 a6 14. Bc4 Bd6
15. h3 Kb8 16. Rhe1 h4 17. Bd2 Rde8 18. a4 g4 19. hxg4 Bxg4 20. Be2 h3 21. gxh3
Rxh3 22. Ng1 Nxd4 23. Qa2 Nxe2+ 24. Nxe2 e5 25. Be3 Qc6 26. Qc2 Reh8 27. Kb2 f5
28. Rg1 Qc4 29. Rde1 Bf3 30. Nc1 f4 31. Bd2 Bd5 32. Rd1 Rf3 33. Be1 Qc6 34. Qd2
Be6 35. Qc2 Rhh3 36. Ne2 a5 37. Rg6 Qc4 38. Rxe6 Qxe6 39. Ng1 axb4 40. Nxf3
Rxf3 41. Rd3 bxc3+ 42. Rxc3 Qd5 43. Rc4 Rd3 44. Ba5 e4 45. Be1 Be5+ 46. Kc1 Ra3
47. Rb4 Ra1+ 48. Rb1 Ra2 49. Qb3 Qc6+ 50. Kd1 Rxa4 0-1

[Event "SR 3. liga A2 2013/2014"]
[Site "?"]
[Date "2014.03.23"]
[Round "11.3"]
[White "Slaby, Jozef"]
[Black "Szabo, Julius"]
[Result "1-0"]
[WhiteElo "1874"]
[BlackElo "1688"]
[PlyCount "127"]
[EventDate "2013.??.??"]

1. c4 Nf6 2. Nc3 e6 3. Nf3 Nc6 4. g3 b6 5. d4 d5 6. cxd5 exd5 7. Bg5 Be7 8. Rc1
Bb7 9. a3 a6 10. Bg2 h6 11. Bd2 O-O 12. O-O Re8 13. e3 Na5 14. Ne2 Nc4 15. Qc2
Nxd2 16. Qxd2 c5 17. dxc5 Bxc5 18. Ned4 Rc8 19. Rfd1 Ne4 20. Qd3 Rc7 21. b4 Bd6
22. Nf5 Qd7 23. Bh3 Qd8 24. Qd4 f6 25. Qb2 Rxc1 26. Rxc1 Bb8 27. N5d4 Be5 28.
Qc2 Bxd4 29. Nxd4 Ng5 30. Bf5 Qe7 31. Qc7 Qxc7 32. Rxc7 Ba8 33. h4 Ne4 34. Bg6
Rb8 35. Ne6 Nd6 36. Rxg7+ Kh8 37. Rd7 Ne8 38. Bxe8 Rxe8 39. Nc7 Rc8 40. Nxa8
Rxa8 41. Rxd5 Kg7 42. h5 Kf7 43. a4 Ke7 44. Kf1 Rc8 45. Ke2 Rc7 46. Kf3 Ke6 47.
Rd4 Rc2 48. b5 axb5 49. axb5 Rb2 50. Rd8 Kf7 51. Rd5 Ke6 52. e4 Rb3+ 53. Kg4
Rb2 54. f3 Rb4 55. Kf4 Ra4 56. Rd8 Rb4 57. Rh8 Rxb5 58. Rxh6 Rg5 59. g4 b5 60.
Rh8 Kd6 61. Rf8 Ke7 62. Rb8 Kd7 63. h6 Rg6 64. h7 1-0

[Event "SR 3. liga A2 2013/2014"]
[Site "?"]
[Date "2014.03.23"]
[Round "11.3"]
[White "Csoltko, Fridrich"]
[Black "Curidlo, Jan"]
[Result "0-1"]
[WhiteElo "1354"]
[BlackElo "1852"]
[PlyCount "74"]
[EventDate "2013.??.??"]

1. d4 Nf6 2. Nf3 e6 3. Bf4 Be7 4. e4 Nxe4 5. Bd3 Nf6 6. O-O d5 7. Ne5 Nbd7 8.
Nd2 c5 9. c4 cxd4 10. cxd5 Nxd5 11. Qg4 Bf6 12. Ndf3 Nxf4 13. Qxf4 Nxe5 14.
Nxe5 O-O 15. Rae1 Bxe5 16. Rxe5 Qd6 17. Bxh7+ Kh8 18. Be4 f5 19. Bd3 Bd7 20.
Rfe1 Rf6 21. Qg5 Raf8 22. Qh4+ Rh6 23. Qg5 Rff6 24. Bb5 Bc6 25. Bxc6 bxc6 26.
Ra5 Qb4 27. Ree5 Qxb2 28. g3 Qb7 29. g4 fxg4 30. Re4 Qb1+ 31. Kg2 Qxe4+ 32. Kf1
Rxf2+ 33. Kxf2 Rxh2+ 34. Kg3 Rh3+ 35. Kf2 Qf3+ 36. Ke1 Rh1+ 37. Kd2 Qd1# 0-1

[Event "SR 3. liga A2 2013/2014"]
[Site "?"]
[Date "2014.03.23"]
[Round "11.4"]
[White "Kapusta, Petr"]
[Black "Malar, Pavol"]
[Result "1-0"]
[WhiteElo "2139"]
[BlackElo "2104"]
[PlyCount "41"]
[EventDate "2013.??.??"]

1. e4 e6 2. d4 d5 3. Nd2 Nc6 4. c3 e5 5. exd5 Qxd5 6. Ngf3 Bg4 7. Bc4 Bxf3 8.
Qb3 Na5 9. Qa4+ Qd7 10. Bxf7+ Ke7 11. Qxd7+ Kxd7 12. Nxf3 exd4 13. Nxd4 c5 14.
Nf3 Bd6 15. Be3 Nf6 16. O-O-O Kc7 17. Ng5 h6 18. Ne6+ Kc6 19. Nxg7 Ng4 20. Bd5+
Kb6 21. Be6 1-0

[Event "SR 3. liga A2 2013/2014"]
[Site "?"]
[Date "2014.03.23"]
[Round "11.4"]
[White "Hrubsa, Marian"]
[Black "Hertel, Ondrej"]
[Result "1/2-1/2"]
[WhiteElo "1801"]
[BlackElo "2055"]
[PlyCount "23"]
[EventDate "2013.??.??"]

1. e4 c5 2. Nf3 d6 3. d4 cxd4 4. Nxd4 Nf6 5. Nc3 g6 6. Be2 Bg7 7. Be3 O-O 8.
O-O Nc6 9. Qd2 Ng4 10. Bxg4 Bxg4 11. f4 Nxd4 12. Bxd4 1/2-1/2

[Event "SR 3. liga A2 2013/2014"]
[Site "?"]
[Date "2014.03.23"]
[Round "11.4"]
[White "Slamena, Michal"]
[Black "Vach, Jozef"]
[Result "1/2-1/2"]
[WhiteElo "1991"]
[BlackElo "1799"]
[PlyCount "99"]
[EventDate "2013.??.??"]

1. e4 e5 2. Nf3 Nc6 3. Bb5 a6 4. Ba4 Nf6 5. O-O b5 6. Bb3 Be7 7. d4 d6 8. a4
Bg4 9. Be3 Nxd4 10. Bxd4 exd4 11. Qxd4 c5 12. Qe3 c4 13. Ba2 Bxf3 14. Qxf3 Nd7
15. Nc3 Rb8 16. Rad1 O-O 17. axb5 axb5 18. Nd5 Re8 19. Qg3 Bf8 20. Rfe1 Nf6 21.
e5 Nxd5 22. Rxd5 Qa5 23. Ra1 Qb4 24. Qa3 Qxa3 25. bxa3 dxe5 26. Rb1 Red8 27.
Rbxb5 Rxd5 28. Rxd5 Rb2 29. Bxc4 Rxc2 30. Bf1 Ra2 31. Rxe5 Rxa3 32. g4 Ra7 33.
Kg2 Rc7 34. h4 g6 35. Bd3 Kg7 36. Rd5 h6 37. f4 Be7 38. h5 gxh5 39. Rxh5 Rc5
40. Rh3 f6 41. Re3 Rc7 42. Kf3 Bc5 43. Re6 Re7 44. f5 Rxe6 45. fxe6 Kf8 46. Kf4
Ke7 47. Kf5 Be3 48. Bc4 Bg5 49. Kg6 Bc1 50. Bd5 1/2-1/2

[Event "SR 3. liga A2 2013/2014"]
[Site "?"]
[Date "2014.03.23"]
[Round "11.4"]
[White "Vogl, Zdenek"]
[Black "Janas, Peter"]
[Result "0-1"]
[WhiteElo "1899"]
[BlackElo "1707"]
[PlyCount "96"]
[EventDate "2013.??.??"]

1. e4 d6 2. d4 g6 3. Nf3 Bg7 4. Bc4 Nf6 5. Nc3 O-O 6. O-O e5 7. dxe5 dxe5 8.
Qxd8 Rxd8 9. Nxe5 Rf8 10. f4 c6 11. Be3 Nfd7 12. Nxf7 Rxf7 13. Rad1 Kf8 14.
Bxf7 Kxf7 15. e5 Na6 16. Ne4 Ke7 17. Ng5 h6 18. Ne4 Nb6 19. Bxb6 axb6 20. a3
Bf5 21. Rfe1 Nc5 22. Nxc5 bxc5 23. c3 c4 24. Kf2 Be6 25. h4 h5 26. Ra1 Bf8 27.
Ke3 Ke8 28. Kf3 Rd8 29. Kg3 Rd3+ 30. Kh2 Rd2 31. Red1 Rxb2 32. Rdb1 Rb3 33. a4
Bf5 34. Rc1 Ba3 35. Rd1 Rxc3 36. a5 Rb3 37. Rd4 Bb2 38. Rdd1 Bxa1 39. Rxa1 c3
40. a6 bxa6 41. Rxa6 Be4 42. g4 hxg4 43. Kg3 c2+ 44. Kxg4 c1=Q 45. Kg5 Rg3+ 46.
Kf6 Qxf4+ 47. Ke6 Qf7+ 48. Kd6 Qe7# 0-1

[Event "SR 3. liga A2 2013/2014"]
[Site "?"]
[Date "2014.03.23"]
[Round "11.4"]
[White "Tupy, Bystrik"]
[Black "Bartos, Bohumil"]
[Result "1/2-1/2"]
[WhiteElo "1798"]
[BlackElo "1507"]
[PlyCount "24"]
[EventDate "2013.??.??"]

1. e4 c5 2. Nf3 d6 3. Nc3 Nf6 4. Bb5+ Bd7 5. Bc4 e6 6. d4 cxd4 7. Nxd4 a6 8.
Bg5 Be7 9. Nf3 Qc7 10. Bd3 O-O 11. Qe2 Nc6 12. O-O h6 1/2-1/2

[Event "SR 3. liga A2 2013/2014"]
[Site "?"]
[Date "2014.03.23"]
[Round "11.4"]
[White "Zlamal, Marek"]
[Black "Jancicka, Viliam"]
[Result "1-0"]
[WhiteElo "1638"]
[BlackElo "1779"]
[PlyCount "81"]
[EventDate "2013.??.??"]

1. e4 c5 2. Nf3 Nc6 3. c4 e5 4. Nc3 Nf6 5. d3 d6 6. Be2 Be7 7. O-O Bd7 8. Be3
Nd4 9. Nd5 Nxd5 10. cxd5 a5 11. Bxd4 cxd4 12. Nd2 b5 13. f4 f6 14. f5 O-O 15.
Rf3 Be8 16. Rg3 Kh8 17. Bh5 Rc8 18. Qg4 Rg8 19. Bg6 h6 20. Qd1 Qc7 21. Nb3 Qc2
22. Nxa5 Qxd1+ 23. Rxd1 Rc2 24. Bxe8 Rxe8 25. Rb1 Ra8 26. Nc6 Bf8 27. a3 Rc8
28. Rf3 Kh7 29. Rf2 Rxf2 30. Kxf2 g5 31. g4 h5 32. h3 h4 33. Ke2 Kg7 34. Kd2
Kf7 35. Kc2 Be7 36. Kb3 Bd8 37. Nxd8+ Rxd8 38. Rc1 Ke7 39. Rc7+ Rd7 40. Rxd7+
Kxd7 41. Kb4 1-0

[Event "SR 3. liga A2 2013/2014"]
[Site "?"]
[Date "2014.03.23"]
[Round "11.4"]
[White "Cebo, Vladimir"]
[Black "Antalek, Rudolf"]
[Result "1/2-1/2"]
[WhiteElo "1642"]
[BlackElo "1533"]
[PlyCount "107"]
[EventDate "2013.??.??"]

1. c4 Nf6 2. Nc3 e6 3. e4 Bb4 4. e5 Bxc3 5. bxc3 Ne4 6. Nf3 d6 7. Bb2 O-O 8. d3
Ng5 9. exd6 cxd6 10. Be2 Bd7 11. d4 Re8 12. O-O Na6 13. Qd2 Ne4 14. Qf4 d5 15.
cxd5 exd5 16. Bd3 Re6 17. Bxe4 Rxe4 18. Qg5 Qxg5 19. Nxg5 Re2 20. Ba3 Rae8 21.
Nf3 Bg4 22. Ne5 Bf5 23. c4 f6 24. Nf3 dxc4 25. Rfe1 Rxe1+ 26. Rxe1 Rxe1+ 27.
Nxe1 Bb1 28. d5 Kf7 29. d6 Ke8 30. Kf1 Bxa2 31. Ke2 b5 32. Nc2 Bb1 33. Nb4 Nxb4
34. Bxb4 Kd7 35. Ke3 a5 36. Bxa5 Kxd6 37. Kd4 Bc2 38. Bb4+ Ke6 39. g3 g5 40.
Bd2 h5 41. f4 Kf5 42. fxg5 fxg5 43. h4 gxh4 44. gxh4 Kg4 45. Bg5 Kf3 46. Kc3
Bd1 47. Kb4 Ba4 48. Kc3 Ke2 49. Be7 Kd1 50. Ba3 Bc2 51. Bb4 Kc1 52. Ba3+ Kb1
53. Bc5 Bb3 54. Bb4 1/2-1/2

[Event "SR 3. liga A2 2013/2014"]
[Site "?"]
[Date "2014.03.23"]
[Round "11.5"]
[White "Liptak, Tomas"]
[Black "Spacek, Oliver"]
[Result "0-1"]
[WhiteElo "2108"]
[BlackElo "2041"]
[PlyCount "116"]
[EventDate "2013.??.??"]

1. e4 c5 2. Nf3 Nc6 3. d4 cxd4 4. Nxd4 e5 5. Nb5 d6 6. N1c3 a6 7. Na3 Nf6 8.
Bg5 b5 9. Nd5 Be6 10. c4 Bxd5 11. exd5 Nd4 12. cxb5 Be7 13. Bxf6 Bxf6 14. bxa6
Qa5+ 15. Qd2 Qxd5 16. Nb5 Qe4+ 17. Kd1 O-O 18. Qd3 Qf4 19. Qe3 Nxb5 20. Qxf4
exf4 21. Bxb5 Bxb2 22. Rb1 Bd4 23. f3 Rfe8 24. Rc1 Be3 25. Rc2 h5 26. Re1 d5
27. Ree2 Reb8 28. Rb2 Rb6 29. a4 h4 30. h3 Rd6 31. Rec2 Kf8 32. Rc7 Ra7 33.
Rbc2 Rd8 34. Rb7 Rda8 35. Rcc7 Kg8 36. Rxf7 Bd4 37. Ke2 Rxa6 38. Rfd7 Re6+ 39.
Kd3 Bf6 40. Rxd5 Rc8 41. Rdd7 Re3+ 42. Kd2 Bc3+ 43. Kc2 Be5+ 44. Kd1 Ra3 45.
Rd2 Rcc3 46. Rc2 Re3 47. Bc4+ Kh8 48. Ra2 Rac3 49. Be2 Bd4 50. a5 Re8 51. Rd7
Be3 52. Bd3 Rc1+ 53. Ke2 Rg1 54. Bc4 Bc1+ 55. Kf2 Ree1 56. Rd8+ Kh7 57. Bd3+ g6
58. Rd7+ Kh6 0-1

[Event "SR 3. liga A2 2013/2014"]
[Site "?"]
[Date "2014.03.23"]
[Round "11.5"]
[White "Nemeckay, Rastislav"]
[Black "Liptak, Dusan"]
[Result "0-1"]
[WhiteElo "1986"]
[BlackElo "2108"]
[PlyCount "58"]
[EventDate "2013.??.??"]

1. e4 c5 2. b3 d6 3. Bb2 Nf6 4. Bb5+ Nbd7 5. Qe2 a6 6. Bxd7+ Bxd7 7. f4 Bc6 8.
d3 e6 9. Nd2 d5 10. e5 Ng8 11. Ngf3 h5 12. h4 Nh6 13. d4 Nf5 14. Qf2 Qb6 15. c3
a5 16. O-O a4 17. Rab1 cxd4 18. cxd4 axb3 19. axb3 Ra2 20. Bc3 Be7 21. Ra1 Rxa1
22. Rxa1 O-O 23. g3 Qb5 24. Ne1 Re8 25. Kg2 g6 26. Ra5 Qb6 27. Ra2 Bb4 28. Bxb4
Qxb4 29. Nef3 Bb5 0-1

[Event "SR 3. liga A2 2013/2014"]
[Site "?"]
[Date "2014.03.23"]
[Round "11.5"]
[White "Kovacocy, Pavel"]
[Black "Spacek, Marcel"]
[Result "1-0"]
[WhiteElo "2198"]
[BlackElo "1818"]
[PlyCount "69"]
[EventDate "2013.??.??"]

1. c4 Nf6 2. g3 g6 3. Bg2 Bg7 4. Nc3 O-O 5. e4 d6 6. Nge2 Nbd7 7. O-O Ne5 8. d3
Bg4 9. f3 Bd7 10. h3 a6 11. Be3 b5 12. b3 b4 13. Nd5 Nxd5 14. cxd5 Bb5 15. d4
Nd7 16. Rf2 Nb6 17. a4 Be8 18. a5 Nc8 19. Qd2 Rb8 20. h4 Na7 21. h5 Rb5 22.
hxg6 fxg6 23. Nf4 Bd7 24. Bf1 Qb8 25. Bc4 Rf6 26. e5 dxe5 27. dxe5 Rf5 28. d6+
Kf8 29. dxe7+ Kxe7 30. Nd5+ Ke8 31. Nf6+ Bxf6 32. exf6 Rxf6 33. Qd4 c6 34. Qxf6
Rf5 35. Bf7+ 1-0

[Event "SR 3. liga A2 2013/2014"]
[Site "?"]
[Date "2014.03.23"]
[Round "11.5"]
[White "Hanzluvka, Peter"]
[Black "Sarmir, Milos"]
[Result "1-0"]
[WhiteElo "1968"]
[BlackElo "2075"]
[PlyCount "109"]
[EventDate "2013.??.??"]

1. e4 e5 2. Nf3 Nc6 3. Bc4 Be7 4. O-O d6 5. h3 Nf6 6. d3 O-O 7. a4 Na5 8. Ba2
c5 9. c3 Qc7 10. Nbd2 Bd7 11. b3 a6 12. Nc4 Nc6 13. Ne3 b5 14. Bd2 Rfb8 15. Qc2
Qc8 16. Nh2 b4 17. c4 Nd4 18. Qd1 g6 19. Nc2 Ne6 20. f4 Nh5 21. f5 Nef4 22.
Bxf4 Nxf4 23. fxg6 hxg6 24. Rf3 Kg7 25. Ne3 Qh8 26. Qf1 Bg5 27. Bb1 Qh5 28. Kh1
Be6 29. Ra2 Rh8 30. Raf2 Raf8 31. Bc2 Qh6 32. Bd1 Nxh3 33. gxh3 Bxe3 34. Ng4
Bxg4 35. Rxf7+ Rxf7 36. Rxf7+ Kg8 37. Bxg4 Bf4 38. Be6 Qxh3+ 39. Bxh3 Kxf7 40.
Kg2 Kf6 41. Qf3 Rh5 42. Kf2 a5 43. Qg4 Kg7 44. Qd7+ Kh6 45. Bg2 Rg5 46. Qxd6
Rg3 47. Bf3 Rh3 48. Qxc5 Rh2+ 49. Bg2 Kh5 50. Qd5 Kh4 51. c5 g5 52. Qd7 g4 53.
Qh7+ Kg5 54. Qxh2 Bxh2 55. c6 1-0

[Event "SR 3. liga A2 2013/2014"]
[Site "?"]
[Date "2014.03.23"]
[Round "11.5"]
[White "Markuliak, Mario"]
[Black "Pipiska, Adam"]
[Result "1-0"]
[WhiteElo "1819"]
[BlackElo "1737"]
[PlyCount "41"]
[EventDate "2013.??.??"]

1. c4 d6 2. Nc3 g6 3. Nf3 Bg7 4. g3 Nf6 5. Bg2 O-O 6. O-O e5 7. d3 c6 8. Bd2
Be6 9. Qc2 Qc8 10. Rfc1 Nh5 11. e4 f5 12. exf5 Bxf5 13. Ne4 Bg4 14. Nfg5 Qd8
15. Qb3 b6 16. Nxd6 Bf6 17. c5+ Kg7 18. Ngf7 Qe7 19. Bh6+ Kg8 20. Ng5+ Kh8 21.
Ndf7+ 1-0

[Event "SR 3. liga A2 2013/2014"]
[Site "?"]
[Date "2014.03.23"]
[Round "11.5"]
[White "Diviak, Rudolf"]
[Black "Cisar, Marian"]
[Result "1/2-1/2"]
[WhiteElo "1797"]
[BlackElo "1665"]
[PlyCount "70"]
[EventDate "2013.??.??"]

1. b4 e5 2. Bb2 d6 3. e3 a6 4. c4 Be6 5. Nc3 Nf6 6. Be2 Be7 7. Nf3 O-O 8. O-O
Nc6 9. a3 Qd7 10. d4 exd4 11. Nxd4 Nxd4 12. Qxd4 c5 13. Qd3 cxb4 14. axb4 Rac8
15. Nd5 Nxd5 16. cxd5 Bf5 17. e4 Bg6 18. f4 f6 19. f5 Bf7 20. Rac1 Qa4 21. Bd4
Qd7 22. Qe3 b5 23. Bb6 Rxc1 24. Rxc1 Rc8 25. Rc3 Rxc3 26. Qxc3 Be8 27. Kf2 Kf7
28. h3 Bd8 29. Bd4 Qb7 30. Bh5+ g6 31. Bg4 Bd7 32. fxg6+ hxg6 33. Bxd7 Qxd7 34.
Qc6 Qxc6 35. dxc6 a5 1/2-1/2

[Event "SR 3. liga A2 2013/2014"]
[Site "?"]
[Date "2014.03.23"]
[Round "11.5"]
[White "Stefik, Miroslav"]
[Black "Skapik, Branislav"]
[Result "0-1"]
[WhiteElo "1754"]
[BlackElo "1841"]
[PlyCount "72"]
[EventDate "2013.??.??"]

1. e4 d5 2. exd5 Nf6 3. Nf3 Nxd5 4. d4 Bg4 5. Be2 e6 6. h3 Bh5 7. Bd2 Bd6 8. c4
Nf4 9. Be3 Nxg2+ 10. Kf1 Nxe3+ 11. fxe3 Nd7 12. Nc3 Nf6 13. Qe1 c5 14. Rd1 Qb6
15. b3 cxd4 16. Na4 Qc6 17. Kg2 dxe3 18. Nc3 Bb4 19. Rc1 Ne4 20. Ne5 Bxc3 21.
Rxc3 Qc5 22. Bxh5 Qxe5 23. Bxf7+ Kxf7 24. Rf1+ Ke7 25. Rxe3 Qg5+ 26. Kh1 Nc5
27. Re5 Qh6 28. Qg3 Nd7 29. Re2 Rhf8 30. Rfe1 Rf6 31. Qg2 Raf8 32. c5 Rg6 33.
Qh2 Rff6 34. h4 Qf4 35. Qxf4 Rxf4 36. Rh2 Nxc5 0-1

[Event "SR 3. liga A2 2013/2014"]
[Site "?"]
[Date "2014.03.23"]
[Round "11.5"]
[White "Celustkova, Lubica"]
[Black "Kavuljak, Alojz"]
[Result "1-0"]
[WhiteElo "1618"]
[BlackElo "1392"]
[PlyCount "113"]
[EventDate "2013.??.??"]

1. e4 e5 2. Nf3 Nf6 3. Nxe5 d6 4. Nf3 Nxe4 5. Nc3 Nxc3 6. dxc3 Be7 7. Bf4 Nd7
8. Qd2 Nf6 9. O-O-O Be6 10. Kb1 O-O 11. Nd4 Qd7 12. Nxe6 fxe6 13. f3 Rad8 14.
Qe1 Kh8 15. Bd3 Nh5 16. Qe4 g6 17. Bh6 Nf6 18. Qe3 Rfe8 19. g4 Bf8 20. Bg5 Bg7
21. h4 Qf7 22. Rh3 Rd7 23. Rdh1 e5 24. Bxf6 Qxf6 25. h5 g5 26. Qe4 Bh6 27. Qxb7
Rdd8 28. Qxc7 Qe7 29. Qxe7 Rxe7 30. Rd1 d5 31. Bf5 Bg7 32. Rh2 d4 33. Rhd2 Rb7
34. cxd4 exd4 35. c3 h6 36. cxd4 Rb4 37. d5 Rdb8 38. b3 a5 39. Bc2 a4 40. d6 a3
41. d7 Rd8 42. Re2 Bf6 43. Re8+ Kg7 44. Bg6 Rb7 45. Rxd8 Bxd8 46. Be8 Rb6 47.
Bg6 Kf6 48. Rd4 Rb7 49. Bf5 Rb6 50. Ra4 Be7 51. Rxa3 Rd6 52. Ra8 Ke5 53. Ra5+
Kd4 54. Kc2 Rc6+ 55. Kd2 Rd6 56. Ke2 Rc6 57. Ra4+ 1-0

[Event "SR 3. liga A2 2013/2014"]
[Site "?"]
[Date "2014.03.23"]
[Round "11.6"]
[White "Veselsky, Jozef"]
[Black "Sekera, Branislav"]
[Result "0-1"]
[WhiteElo "2160"]
[BlackElo "2171"]
[PlyCount "74"]
[EventDate "2013.??.??"]

1. d4 d5 2. Nf3 Nf6 3. c4 e6 4. Nc3 Be7 5. Bg5 h6 6. Bh4 Nbd7 7. e3 b6 8. cxd5
exd5 9. Bb5 O-O 10. Bc6 Rb8 11. O-O Bb7 12. Qa4 g5 13. Bg3 Bd6 14. Ne5 Bxe5 15.
dxe5 Nc5 16. Qc2 Bxc6 17. exf6 Qxf6 18. b4 Ne6 19. Ne4 dxe4 20. Qxc6 Qf5 21.
Rac1 Rbc8 22. Rfd1 Rfd8 23. h3 Rd3 24. Rf1 Qd5 25. Qxd5 Rxd5 26. Rc4 f5 27.
Rfc1 c5 28. R1c3 b5 29. Rd4 Nxd4 30. exd4 f4 31. Bh2 c4 32. g3 f3 33. g4 Rxd4
34. Be5 Rd3 35. Rc1 c3 36. Kf1 Rc4 37. a3 c2 0-1

[Event "SR 3. liga A2 2013/2014"]
[Site "?"]
[Date "2014.03.23"]
[Round "11.6"]
[White "Jablonicky, Martin"]
[Black "Pribila, Gerhard"]
[Result "1/2-1/2"]
[WhiteElo "1967"]
[BlackElo "2076"]
[PlyCount "38"]
[EventDate "2013.??.??"]

1. e4 c5 2. Nf3 e6 3. d4 cxd4 4. Nxd4 Nc6 5. Nc3 Qc7 6. Ndb5 Qb8 7. Be3 a6 8.
Nd4 Qc7 9. Bd3 Nf6 10. O-O Be7 11. a4 O-O 12. Nb3 Ne5 13. f4 Nc4 14. Bxc4 Qxc4
15. Qd3 Qxd3 16. cxd3 d5 17. Bd4 dxe4 18. dxe4 Bd7 19. e5 Nd5 1/2-1/2

[Event "SR 3. liga A2 2013/2014"]
[Site "?"]
[Date "2014.03.23"]
[Round "11.6"]
[White "Brunovsky, Peter"]
[Black "Jablonicky, Frantisek"]
[Result "1/2-1/2"]
[WhiteElo "1829"]
[BlackElo "2146"]
[PlyCount "24"]
[EventDate "2013.??.??"]

1. d4 f5 2. e4 fxe4 3. Nc3 Nf6 4. Bg5 c6 5. f3 d5 6. fxe4 dxe4 7. Bc4 Bg4 8.
Nge2 Nbd7 9. h3 Bxe2 10. Qxe2 Qb6 11. O-O-O Qa5 12. Bh4 O-O-O 1/2-1/2

[Event "SR 3. liga A2 2013/2014"]
[Site "?"]
[Date "2014.03.23"]
[Round "11.6"]
[White "Kucharek, Jaroslav"]
[Black "Valla, Tomas"]
[Result "1/2-1/2"]
[WhiteElo "2074"]
[BlackElo "1814"]
[PlyCount "36"]
[EventDate "2013.??.??"]

1. e4 c5 2. Nf3 g6 3. c3 d5 4. exd5 Qxd5 5. d4 Bg7 6. Be2 Nf6 7. O-O O-O 8. c4
Qd6 9. Nc3 a6 10. Be3 cxd4 11. Nxd4 Nc6 12. c5 Qc7 13. Nxc6 Qxc6 14. Bf3 Qc7
15. Qb3 Rb8 16. Qb6 Qe5 17. Rad1 Bg4 18. Bxg4 Nxg4 1/2-1/2

[Event "SR 3. liga A2 2013/2014"]
[Site "?"]
[Date "2014.03.23"]
[Round "11.6"]
[White "Zajicek, Ferdinand"]
[Black "Mackovic, Matus"]
[Result "1-0"]
[WhiteElo "1823"]
[BlackElo "1913"]
[PlyCount "77"]
[EventDate "2013.??.??"]

1. e4 c6 2. d4 d5 3. e5 Bf5 4. Nc3 e6 5. Nf3 c5 6. h3 Nc6 7. Be3 cxd4 8. Bxd4
Nxd4 9. Nxd4 Bg6 10. Bb5+ Ke7 11. Qg4 a6 12. Ba4 Qc7 13. Qh4+ f6 14. O-O Kf7
15. exf6 Nxf6 16. Rfe1 e5 17. Nf3 Bd6 18. Bb3 Rhe8 19. Nxd5 Nxd5 20. Bxd5+ Kf8
21. Ng5 h6 22. Ne6+ Rxe6 23. Bxe6 Re8 24. Qg4 Bf7 25. Bxf7 Kxf7 26. Qf5+ Kg8
27. Rad1 Kh8 28. Qg6 Rd8 29. Re2 Bc5 30. Rxd8+ Qxd8 31. Qd3 Qf6 32. Qd5 b6 33.
Qxe5 Bxf2+ 34. Kh1 Qxe5 35. Rxe5 Bd4 36. Re8+ Kh7 37. c3 Bc5 38. b4 Bf2 39. Ra8
1-0

[Event "SR 3. liga A2 2013/2014"]
[Site "?"]
[Date "2014.03.23"]
[Round "11.6"]
[White "Jakubec, Milan"]
[Black "Kanka, Tomas"]
[Result "1-0"]
[WhiteElo "2084"]
[BlackElo "1688"]
[PlyCount "61"]
[EventDate "2013.??.??"]

1. e4 e5 2. Nf3 Nf6 3. Nxe5 d6 4. Nf3 Nxe4 5. Qe2 Be7 6. Qxe4 O-O 7. Bd3 f5 8.
Qd5+ Kh8 9. O-O c6 10. Qb3 Nd7 11. c3 g5 12. Qc2 g4 13. Nd4 Ne5 14. Bxf5 Qe8
15. Bxc8 Rxc8 16. Qe4 Qh5 17. f4 gxf3 18. Nxf3 Rf7 19. d4 Ng4 20. h3 Nf6 21.
Qe6 Rg8 22. Bg5 Nd5 23. h4 Rfg7 24. Rf2 Bxg5 25. hxg5 Re8 26. Qh3 Qg6 27. Nbd2
Nf4 28. Qg4 Qf7 29. Nh4 Rf8 30. Raf1 h5 31. Qxf4 1-0

[Event "SR 3. liga A2 2013/2014"]
[Site "?"]
[Date "2014.03.23"]
[Round "11.6"]
[White "Kastler, Peter"]
[Black "Hirmajer, Jan"]
[Result "1/2-1/2"]
[WhiteElo "1710"]
[BlackElo "1957"]
[PlyCount "48"]
[EventDate "2013.??.??"]

1. d4 Nf6 2. c4 g6 3. Nc3 Bg7 4. Nf3 d6 5. e3 O-O 6. Be2 Nbd7 7. O-O c5 8. b3
b6 9. Bb2 Bb7 10. d5 Ne8 11. Qc2 a6 12. a4 a5 13. Rad1 Nc7 14. Ne4 f6 15. Ne1
Bc8 16. Nd3 Ne8 17. Ng3 Ne5 18. h3 Bh6 19. f4 Nf7 20. e4 Bg7 21. Bg4 Bxg4 22.
hxg4 Qd7 23. f5 Ne5 24. Qe2 Bh6 1/2-1/2

[Event "SR 3. liga A2 2013/2014"]
[Site "?"]
[Date "2014.03.23"]
[Round "11.6"]
[White "Mackovic, Miroslav"]
[Black "Papanek, Lubomir"]
[Result "1-0"]
[WhiteElo "1936"]
[BlackElo "1635"]
[PlyCount "89"]
[EventDate "2013.??.??"]

1. e4 {0} e5 2. Nf3 Nc6 3. Bb5 a6 4. Ba4 Nf6 5. O-O b5 6. Bb3 Be7 7. Re1 O-O 8.
c3 d6 9. d4 Bg4 10. d5 Na5 11. Bc2 c5 12. Nbd2 Nb7 13. c4 Nd7 14. b3 f5 15. h3
Bxf3 16. Nxf3 f4 17. g3 Qe8 18. gxf4 exf4 19. Bb2 Bf6 20. Bxf6 Rxf6 21. Kh2 Ne5
22. Nxe5 Qxe5 23. Qf3 g5 24. Rg1 Rg6 25. Rab1 b4 26. Kg2 Kh8 27. Kf1 Rag8 28.
Bd1 Rh6 29. Qg2 Qc3 30. Qf3 Rxh3 31. Qxc3+ Rxc3 32. Bg4 a5 33. Rh1 Kg7 34. Re1
Nd8 35. e5 Re8 36. e6 Nf7 37. exf7 Rxe1+ 38. Kxe1 Rc1+ 39. Bd1 Ra1 40. Rxh7+
Kf8 41. Kd2 Rxa2+ 42. Bc2 a4 43. Kc1 axb3 44. Bxb3 Ra7 45. Rh8+ 1-0

[Event "SR 3. liga A2 2014/2015"]
[Site "?"]
[Date "2014.10.19"]
[Round "1.1"]
[White "Kucharek, Jaroslav"]
[Black "Provaznik, Michal"]
[Result "1/2-1/2"]
[WhiteElo "2067"]
[BlackElo "2220"]
[PlyCount "71"]
[EventDate "2015.??.??"]

1. Nf3 d5 2. d4 Nf6 3. c4 e6 4. Nc3 c6 5. cxd5 exd5 6. Bg5 Be7 7. Qc2 O-O 8. e3
Nbd7 9. Bd3 Re8 10. O-O Nf8 11. Bxf6 Bxf6 12. h3 g6 13. b4 Bg7 14. a4 Qf6 15.
Ne5 Rxe5 16. dxe5 Qxe5 17. Rac1 Qh5 18. Ne2 Be5 19. Nf4 Qh6 20. Qe2 Bd7 21. Qf3
Re8 22. Rfe1 Bd6 23. b5 Re5 24. g3 Ne6 25. Nxe6 Rxe6 26. Bf1 Kg7 27. Red1 Re4
28. Qxe4 dxe4 29. Rxd6 Bxh3 30. Bxh3 Qxh3 31. bxc6 bxc6 32. Rdxc6 h5 33. Rc7 h4
34. gxh4 Qg4+ 35. Kf1 Qh3+ 36. Kg1 1/2-1/2

[Event "SR 3. liga A2 2014/2015"]
[Site "?"]
[Date "2014.10.19"]
[Round "1.1"]
[White "Horak, Ivan"]
[Black "Blatnicky, Miroslav"]
[Result "1/2-1/2"]
[WhiteElo "2070"]
[BlackElo "2056"]
[PlyCount "83"]
[EventDate "2015.??.??"]

1. e4 c6 2. d4 d5 3. exd5 cxd5 4. c4 Nf6 5. Nc3 Nc6 6. cxd5 Nxd5 7. Nf3 Bg4 8.
Be2 e6 9. O-O Rc8 10. Bg5 Qa5 11. Nxd5 Qxd5 12. Be3 Be7 13. h3 Bh5 14. Qa4 O-O
15. Rfd1 Rfd8 16. Rac1 a6 17. a3 h6 18. b4 Nb8 19. Rxc8 Rxc8 20. Rc1 Rxc1+ 21.
Bxc1 Nc6 22. Be3 Qa2 23. Bxa6 Bxf3 24. gxf3 bxa6 25. Qxc6 Qxa3 26. Qe8+ Bf8 27.
d5 Qxb4 28. dxe6 Qe7 29. exf7+ Qxf7 30. Qc6 Qf6 31. Qd5+ Kh7 32. h4 Qxh4 33.
Qf5+ Kg8 34. Qe6+ Kh8 35. Qxa6 Qf6 36. Qa8 Kh7 37. Kg2 Bd6 38. Qd5 Qe5 39. Qe4+
g6 40. Qb7+ Qe7 41. Qd5 Qe5 42. Qb7+ 1/2-1/2

[Event "SR 3. liga A2 2014/2015"]
[Site "?"]
[Date "2014.10.19"]
[Round "1.1"]
[White "Hirmajer, Jan"]
[Black "Chabada, Tomas"]
[Result "0-1"]
[WhiteElo "1966"]
[BlackElo "1987"]
[PlyCount "58"]
[EventDate "2015.??.??"]

1. Nf3 Nf6 2. c4 c6 3. Nc3 d5 4. cxd5 cxd5 5. d4 e6 6. Bg5 Be7 7. e3 h6 8. Bf4
O-O 9. Bd3 Nc6 10. Rc1 Bd7 11. Ne5 Rc8 12. a3 Ne4 13. Bxe4 dxe4 14. Nxd7 Qxd7
15. Nxe4 Qd5 16. O-O Qxe4 17. Qb3 Na5 18. Qb5 Qd5 19. Qd3 Nb3 20. Rcd1 Qc4 21.
Qe4 Rc6 22. g4 Qc2 23. Qg2 Rd8 24. h4 Bxh4 25. g5 Bxg5 26. Bxg5 hxg5 27. Qxg5
Rd5 28. Qg3 e5 29. Qg2 Rg6 0-1